000 00829cam a22002411 4500
001 gs 38000132
003 DLC
005 20260227111343.0
008 791203s1938 dcuabf f001 0 eng
010 _ags 38000132
035 _a(OCoLC)5754466
040 _aDLC
_cMe
_dDLC
050 0 0 _aQE75
_b.B9 no. 888
051 _aQB296.U9
_bV5 1896/1935
_cCopy 2.
100 1 _aStaack, J. G.
_q(John George),
_d1878-
245 1 0 _aSpirit leveling in Vermont, 1896-1935.
_c[By] J. G. Staack, chief topographic engineer.
260 _aWashington,
_bU.S. Govt. print. off.,
_c1938.
300 _aii, 155 p. incl. illus. (map), tables. pl.
_c23 cm.
490 0 _aU.S. Geological survey. Bulletin 888
500 _aAt head of title: United States Department of the interior.
500 _aIncludes index.
651 0 _aVermont
_xAltitudes.
999 _c27441
_d27441